| 000 -LEADER |
| fixed length control field |
00706nam a2200205Ia 4500 |
| 001 - CONTROL NUMBER |
| control field |
8839 |
| 003 - CONTROL NUMBER IDENTIFIER |
| control field |
GE_BSU |
| 008 - FIXED-LENGTH DATA ELEMENTS--GENERAL INFORMATION |
| fixed length control field |
181216s||||||||xx |||||||||||||| ||und|| |
| 040 ## - CATALOGING SOURCE |
| Transcribing agency |
GE_BSU |
| 080 ## - UNIVERSAL DECIMAL CLASSIFICATION NUMBER |
| Universal Decimal Classification number |
821.353.1–1 |
| 100 ## - MAIN ENTRY--PERSONAL NAME |
| Personal name |
კალაძე,კარლო |
| 245 ## - TITLE STATEMENT |
| Title |
რჩეული ლექსები და პოემები ორ ტომად |
| 245 ## - TITLE STATEMENT |
| Remainder of title |
ტ.1 |
| 245 ## - TITLE STATEMENT |
| Statement of responsibility, etc. |
რედ.ალ.გომიაშვილი;მხატვ.ირ. ჯანაშვილი |
| 260 ## - PUBLICATION, DISTRIBUTION, ETC. |
| Place of publication, distribution, etc. |
თბილისი |
| 260 ## - PUBLICATION, DISTRIBUTION, ETC. |
| Name of publisher, distributor, etc. |
საბჭოთა საქართველო |
| 260 ## - PUBLICATION, DISTRIBUTION, ETC. |
| Date of publication, distribution, etc. |
1968 |
| 300 ## - PHYSICAL DESCRIPTION |
| Extent |
406გვ.22სმ.ილ.1ფ.პორტრ. |
| 942 ## - ADDED ENTRY ELEMENTS (KOHA) |
| Koha item type |
წიგნი |